00473pab a2200145 454500008004000000100002300040245009600063260000900159300001400168362000800182650002900190650004500219650003400264773002900298180718b2002 xxu||||| |||| 00| 0 eng d aPinnock, Katherine aThe impact of the NGO sector and Roma/Gypsy organisations on Bulgarian social policy making c2002 ap.229-50. aApr aBulgaria - Social policy aNongovernmental organizations - Bulgaria aNongovernmental organizations aJournal of Social Policy